000 01201cam a2200265 i 4500
003 SA-RiAUC
005 20251103123729.0
008 251102s2018 su g 001 0 ara c
020 _a9786038181430
024 0 _a00000000339033
040 _aSA-JeALM
_bara
_cSA-RiAUC
_dKAC
_erda
082 0 4 _a252.5
_qSA-RiAUC
090 _a252.5
_bا ب ن ت
100 1 _aابن تيمية، أحمد بن عبد الحليم بن عبد السلام،
_d661-728 هجري
_eمؤلف.
245 1 0 _aمنسك الحج من مجموع فتاوى ابن تيمية /
_cتأليف شيخ الإسلام أحمد عبد الحليم بن عبد السلام ابن تيمية ؛ خرج أحاديثه واعتنى به ابو المنذر نضال فرحات.
250 _aالطبعة الاولى.
264 1 _aبيروت - لبنان :
_bدار ابن حزم،
_c2004
300 _a120 صفحة ؛
_c20 سم.
336 _aنص
_btxt
_2rdacontent
_3كتاب
337 _aبدون وسيط
_bn
_2rdamedia
650 7 _aالحج (فقه إسلامي)
_xمناسك
_2aucsh
700 1 _aفرحات، ابو المنذر نضال .
_eمحقق.
942 _2ddc
_cBOOK
_n0
949 _aSA-JeALM
_d251102
_uosman123
_n1
999 _c12974
_d12974